Resúmenes
שמור ב:
| מחבר תאגידי: | |
|---|---|
| פורמט: | ספר |
| שפה: | ספרדית |
| יצא לאור: |
Valdivia
Universidad Austral de Chile
1991
|
| נושאים: | |
| תגים: |
הוספת תג
אין תגיות, היה/י הראשונ/ה לתייג את הרשומה!
|
MARC
| LEADER | 00000nam a2200000 a 4500 | ||
|---|---|---|---|
| 001 | UCX9122 | ||
| 003 | CL-VaPUC | ||
| 005 | 20241016164706.0 | ||
| 008 | 940517e19910000cl 1 spa d | ||
| 082 | 0 | 4 | |a 581.2 |b UNI |2 21 |
| 110 | 2 | |a Universidad Austral de Chile |e author |9 616967 | |
| 245 | 1 | 0 | |a Resúmenes |
| 260 | |a Valdivia |b Universidad Austral de Chile |c 1991 | ||
| 300 | |a 70 h | ||
| 583 | |a last modification |c 19940517 00:00:00 |k Rodrigo Vera | ||
| 650 | 0 | 0 | |a Patología vegetal |9 325426 |
| 650 | 0 | 0 | |a Congresos |9 257560 |
| 942 | |c BK | ||
| 945 | |a mfernand |d 19940517 00:00:00 | ||
| 546 | |a En Español | ||
| 518 | |p Congreso Nacional de Fitopatología, 2, Valdivia, Chile, 1991 | ||
| 999 | |c 382217 |d 382215 | ||